000 01426nam a22002417a 4500
005 2012062208298.0
010 _aB-453073-077
020 _a9788178242971
_c650.00
035 _aB-453073-077
037 _adpl
_bK.K.Pub / ven
082 _a954
100 _aDeshpande , Prachi
_949557
245 _aCreative Pasts ; Histirical Memory And Identioty In western India /
_cby Prachi Deshpande
260 _aNew Delhi
_bPermanent Black
_c2007
300 _ai , 308pg
_c22cm
942 _2ddc
_cEN
_mDES
_h954
999 _c68119
_d68119